000 01156nam a2200373 c 4500
999 _c50587
_d50587
001 50587
003 ES-MaCES
005 20180316124203.0
008 180315s2018 sp 000 | spa d
017 _aM 35617-2017
_bDL
020 _a9788498903348
040 _aES-MaCES
_bspa
_cES-MaCES
100 1 _aPérez González, Sergio
_938979
245 1 0 _aDesestructuración laboral y protección penal del empleo
_b: una hipótesis de razón punitiva en el postfordismo
_cSergio Pérez González
250 _a1ª ed
260 _aMadrid
_bIustel
_c2018
300 _a303 p.
_c22 cm
490 1 _aMonografías
504 _aBibliografía: p. 279-303
541 _cCompra
650 4 _atrabajo
_928289
650 4 _aempleo
_928299
650 4 _adelito
_927046
650 4 _aderechos de los trabajadores
_929924
650 4 _arelaciones laborales
_928369
650 4 _amecanismo de control
_929918
650 4 _aderecho penal
_927159
650 4 _aderecho del trabajo
_927165
650 4 _ateoría legal
_929895
653 1 0 _aDerecho penal
830 0 _aMonografías (Iustel)
_934295
902 _aLIB Libro
942 _2CES
_cBK
_h6.0.8.